Equalizing access : (Record no. 61045)

MARC details
000 -LEADER
fixed length control field 00902nam a22002417a 4500
005 - DATE AND TIME OF LATEST TRANSACTION
control field 20120117121242.0
008 - FIXED-LENGTH DATA ELEMENTS--GENERAL INFORMATION
fixed length control field 120117t xxu||||| |||| 00| 0 eng d
010 ## - LCCN (DPL NO)
LC control number ENG-104751
020 ## - INTERNATIONAL STANDARD BOOK NUMBER
International Standard Book Number 9780198075059
Terms of availability 745.00
020 ## - INTERNATIONAL STANDARD BOOK NUMBER
International Standard Book Number 0198075057
Terms of availability 745.00
035 ## - SYSTEM CONTROL NUMBER
System control number EN-88284
037 ## - SOURCE OF ACQUISITION
Source of stock number/acquisition DBAD/PUB
040 ## - CATALOGING SOURCE
Original cataloging agency DPL
Language of cataloging Eng
100 ## - MAIN ENTRY--PERSONAL NAME
9 (RLIN) 39315
245 ## - TITLE STATEMENT
Title Equalizing access :
Remainder of title affirmative action in higher education in India, United States, and South Africa /
Statement of responsibility, etc edited by Zoya Hasan [and] Martha C. Nussbaum
260 ## - PUBLICATION, DISTRIBUTION, ETC. (IMPRINT)
Place of publication, distribution, etc New Delhi
Name of publisher, distributor, etc Oxford University Press
Date of publication, distribution, etc 2012
270 ## - ADDRESS
Address YMCA Library Building, 1 Jai Singh Road
City New Delhi
Postal code 110001
300 ## - PHYSICAL DESCRIPTION
Extent xii,273p.
Dimensions 23cm(Hb)
700 ## - ADDED ENTRY--PERSONAL NAME
Personal name Hasan, Zoya
9 (RLIN) 39366
700 ## - ADDED ENTRY--PERSONAL NAME
Personal name Nussbaum, Martha C.
9 (RLIN) 39367
942 ## - ADDED ENTRY ELEMENTS (KOHA)
Source of classification or shelving scheme Dewey Decimal Classification
Item type English Books
Call number suffix EQU
Holdings
Withdrawn status Lost status Source of classification or shelving scheme Damaged status Not for loan Collection code Home library Current library Date acquired Source of acquisition Cost, normal purchase price Total Checkouts Full call number Barcode Date last seen Copy number Cost, replacement price Koha item type
    Dewey Decimal Classification   Not For Loan Non-fiction D.B.Act.Division D.B.Act.Division 17/01/2012 DBAD/PUB 745.00   EQU EN-88284 17/01/2012 1 745.00 English Books

© Delhi Public Library
Hit Counter
free hit counter